000 01512nam a2200373 a 4500
001 60041
003 BD-RjUL
005 20211209080810.0
008 161228r19961994ii a b 000 0 eng
020 _a080399172X (US : cloth)
020 _a8170363993 (India : cloth)
035 _a(BD-RjUL)60165
040 _aDLC
_cDLC
_dDLC
_beng
041 _aeng
082 0 0 _a362.120954
_223
_bREA 1996
245 0 0 _aReaching India's poor :
_bnon-governmental approaches to community health /
_cedited by Saroj Pachauri.
260 _aNew Dehli ;
_aThousand Oaks, Calif. :
_bSage Publications,
_c1994 [Printed 1996]
300 _a457 p. :
_bill. ;
_c25 cm.
500 _a"In association with the Ford Foundation."
504 _aIncludes bibliographical references.
650 0 _aVoluntary health agencies
_zIndia.
_9178657
650 0 _aNon-governmental organizations
_zIndia.
_9173745
650 0 _aCommunity health services
_zIndia.
_9178658
650 0 _aPoor
_xMedical care
_zIndia.
_9178659
650 0 _aPrimary health care
_zIndia.
_9178660
650 0 _aCommunity health services
_zIndia.
_9178658
650 0 _aNon-governmental organizations
_zIndia.
_9173745
650 0 _aPoor
_xServices for
_zIndia.
_9178661
700 1 _aPachauri, Saroj,
_d1936-
_9178662
856 4 2 _3Publisher description
_uhttp://www.loc.gov/catdir/enhancements/fy0657/94004731-d.html
856 4 1 _3Table of contents only
_uhttp://www.loc.gov/catdir/enhancements/fy0657/94004731-t.html
942 _2ddc
_cBK
999 _c60041
_d60041